Química orgánica experimental
| Main Authors: | , |
|---|---|
| Format: | Section = Libro |
| Language: | Undetermined Spanish |
| Published: |
Barcelona
Reverté
1985
|
| Subjects: |
| LEADER | 00641nam a2200229Ia 4500 | ||
|---|---|---|---|
| 008 | 240829s9999 xx 000 0 und d | ||
| 020 | |a 978-84-291-7155 | ||
| 040 | |a BIBLIOTECA-RUSB/ 547.00724 D966 | ||
| 041 | |a spa | ||
| 082 | |a 547.00724 D966 | ||
| 100 | 1 | |a Durst, Dupont H. | |
| 100 | 1 | |b Gokel, George W | |
| 245 | 1 | 0 | |a Química orgánica experimental |
| 260 | |a Barcelona |b Reverté |c 1985 | ||
| 300 | |a 592 p. :il. | ||
| 650 | 7 | |a QUÍMICA ORGÁNICA | |
| 650 | 7 | |b EXPERIMENTOS QUÍMICOS | |
| 650 | 7 | |c QUÍMICA ANALÍTICA CUALITATIVA | |
| 650 | 7 | |d TÉCNICAS DE INVESTIGACIÓN | |
| 942 | |c BK |2 ddc | ||
| 991 | |a TEXTO | ||
| 999 | |c 2532 | ||